[Event "CRO U20 1 liga"]
[Site "Cakovec"]
[Date "2020.07.16"]
[Round "6.18"]
[White "Matota, Dominik"]
[Black "Juric, Ester"]
[Result "1-0"]
[WhiteElo "1807"]
[BlackElo "1663"]
[PlyCount "53"]
[EventDate "2020.??.??"]
[WhiteClock "1:30:00"]
[BlackClock "1:30:00"]

{[%evp 0,53,29,29,47,47,98,65,65,64,64,64,94,77,149,101,106,111,69,0,18,48,143,
114,178,178,178,89,99,67,180,139,309,291,291,281,281,281,281,193,193,260,217,
254,293,286,387,286,448,384,379,339,372,391,29997,29998]} 1. e4 c5 2. Nf3 d6 3.
d4 cxd4 4. Nxd4 Nf6 5. Nc3 a6 6. f3 b5 7. Be3 e6 8. a4 b4 9. Na2 e5 10. Nb3 a5
11. c3 bxc3 12. Nxc3 Ba6 13. Nb5 Be7 14. Qd2 Bxb5 15. Bxb5+ Nfd7 16. Qd5 Na6
17. Bxd7+ Kxd7 18. Qb5+ Ke6 19. Nd4+ Kf6 20. f4 g6 21. fxe5+ dxe5 22. O-O+ Kg7
23. Qxe5+ Kg8 24. Nc6 Bd6 25. Nxd8 Bxe5 26. Nxf7 Bxb2 27. Nh6+ 1-0

[Event "CRO U20 1 liga"]
[Site "Cakovec"]
[Date "2020.07.16"]
[Round "6.20"]
[White "Dankos, Mislav"]
[Black "Markovic, Marko"]
[Result "0-1"]
[WhiteElo "1274"]
[BlackElo "1643"]
[PlyCount "86"]
[EventDate "2020.??.??"]
[WhiteClock "1:30:00"]
[BlackClock "1:30:00"]

{[%evp 0,86,29,28,28,-3,-14,-20,-16,-32,-32,-11,-23,-28,-20,-67,14,6,59,60,104,
79,149,149,149,33,151,59,46,-5,4,-40,-27,-34,-34,-24,-49,-32,-32,-51,-4,7,242,
310,808,259,259,-29,16,-16,8,-9,-22,-24,-14,-10,-11,-14,-8,-11,-16,-16,-12,-12,
-31,-41,-42,-42,-43,-25,-68,-68,-55,-68,-24,-27,-66,-95,-192,-194,-275,-434,
-428,-729,-961,-961,-961,-1219,-1805]} 1. d4 d5 2. c4 e6 3. Nc3 Nf6 4. Bg5 Bb4
5. Nf3 O-O 6. e3 h6 7. Bh4 c5 8. cxd5 Qa5 9. Bxf6 Bxc3+ 10. bxc3 Qxc3+ 11. Nd2
gxf6 12. dxc5 Qxc5 13. dxe6 Bxe6 14. Be2 Rd8 15. Rc1 Qa5 16. Rc2 Nc6 17. O-O
Nb4 18. Rb2 Nxa2 19. Qc2 Rac8 20. Nc4 Bxc4 21. Bxc4 Qc5 22. Bxf7+ Kxf7 23. Qxc5
Rxc5 24. Rxa2 a5 25. Rb1 Rb5 26. Rba1 b6 27. g3 Rd3 28. Kg2 Rdb3 29. Kf3 Rb1
30. h4 Rxa1 31. Rxa1 Rb4 32. Ke2 a4 33. Kd3 b5 34. Kc3 Rc4+ 35. Kd3 Rb4 36. Kc3
Rb3+ 37. Kd4 a3 38. Kc5 b4 39. h5 Rb2 40. Kd6 a2 41. Rc1 Rd2+ 42. Kc7 b3 43.
Kb7 Rc2 0-1

[Event "CRO U20 1 liga"]
[Site "Cakovec"]
[Date "2020.07.17"]
[Round "7.1"]
[White "Cotic, Borna"]
[Black "Damjanovic, Stjepan"]
[Result "1-0"]
[WhiteElo "2049"]
[BlackElo "1867"]
[PlyCount "155"]
[EventDate "2020.??.??"]
[WhiteClock "1:27:00"]
[BlackClock "1:30:00"]

{[%evp 0,155,16,26,81,84,100,32,108,28,28,54,42,28,41,37,58,36,67,48,64,26,38,
37,12,-45,7,-13,-22,-16,-24,-27,0,-3,8,18,18,16,30,44,27,14,-17,-49,-37,-43,4,
-30,45,68,51,81,81,77,80,35,54,52,115,76,98,95,85,99,109,48,106,63,74,63,68,51,
57,48,48,37,46,52,40,3,10,-13,32,14,47,60,26,17,46,-2,1,15,8,14,103,-16,12,15,
15,15,14,14,17,17,24,17,61,61,61,60,60,60,61,60,61,72,76,72,74,87,87,82,109,
107,105,122,122,122,129,139,198,171,182,200,236,236,236,246,264,271,293,293,
314,371,434,552,680,908,982,1016,990,1230,1397,1383,29989,29992,29993,29992]} 
1. e4 c5 2. Nf3 Nc6 3. Bb5 g6 4. Bxc6 dxc6 5. d3 Bg7 6. h3 Nf6 7. Nc3 Nd7 8.
Be3 e5 9. Qd2 h6 10. g4 Qe7 11. O-O-O Nf8 12. g5 h5 13. Nh4 Ne6 14. Kb1 Bd7 15.
Ne2 Nd4 16. f4 Nxe2 17. Qxe2 exf4 18. Bxf4 O-O-O 19. Nf3 Rhe8 20. Nd2 Be6 21.
e5 Bf5 22. Rde1 Rd5 23. Nc4 Qd7 24. Qf2 Bf8 25. Nd6+ Bxd6 26. exd6 Be6 27. Re3
Rf5 28. Qg3 Bd5 29. Rhe1 Re6 30. Rxe6 Bxe6 31. h4 Qd8 32. Re5 Qe8 33. b3 Rxe5
34. Bxe5 Bd7 35. Qe3 b6 36. Kb2 Qe6 37. Qf4 Kb7 38. Qf6 Qxf6 39. Bxf6 Bf5 40.
c4 Be6 41. Kc3 a5 42. Bd8 Bf5 43. a3 Be6 44. d4 cxd4+ 45. Kxd4 c5+ 46. Ke5 Kc6
47. Bc7 a4 48. bxa4 Bxc4 49. a5 bxa5 50. Bxa5 Bb3 51. Be1 Kd7 52. Bf2 Kc6 53.
Bxc5 Kd7 54. Be3 Kc6 55. Bf4 Kd7 56. Kd4 Kc6 57. Kc3 Bd1 58. Kb4 Bg4 59. a4 Kb6
60. a5+ Ka6 61. Kc5 Bd7 62. Bd2 Kb7 63. Kd5 Bb5 64. Be3 Bc6+ 65. Ke5 Kc8 66.
Kf6 Kd7 67. Kxf7 Be4 68. Bc5 Bd3 69. a6 Bxa6 70. Kxg6 Be2 71. Kf6 Ke8 72. g6
Bc4 73. Kg5 Be6 74. Kxh5 Bd7 75. Kg5 Kf8 76. h5 Kg8 77. h6 Be6 78. h7+ 1-0

[Event "CRO U20 1 liga"]
[Site "Cakovec"]
[Date "2020.07.17"]
[Round "7.2"]
[White "Juric, Ester"]
[Black "Simunic, Krunoslav"]
[Result "0-1"]
[WhiteElo "1663"]
[BlackElo "2047"]
[PlyCount "162"]
[EventDate "2020.??.??"]
[WhiteClock "1:30:00"]
[BlackClock "1:30:00"]

{[%evp 0,162,26,5,33,-21,1,2,0,-36,8,-1,43,-41,-7,-13,40,6,27,27,30,30,39,-15,
69,56,12,-9,9,6,36,9,-35,-35,0,-38,-13,-14,-14,-14,18,15,33,-60,-63,-27,-2,-5,
14,10,10,-15,36,-31,-38,-47,31,-49,-10,-10,19,47,207,-115,-80,-95,-17,-17,-56,
-58,-78,-112,-114,-117,-98,-110,-98,-173,-93,-119,-88,-121,-121,-109,-102,-102,
-87,-165,-187,-216,-162,-218,-183,-204,-225,-249,-261,-225,-179,-204,-213,-213,
-177,-177,-128,-286,-282,-344,-386,-386,-386,-386,-386,-386,-366,-386,-366,
-365,-356,-364,-364,-365,-355,-365,-336,-320,-329,-382,-375,-375,-374,-421,
-421,-421,-370,-515,-358,-421,-370,-364,-515,-515,-515,-515,-515,-515,-371,
-371,-370,-385,-385,-385,-385,-385,-385,-397,-385,-385,-390,-397,-390,-535,
-535,-535,-545]} 1. d4 e6 2. c4 d5 3. Nc3 Nf6 4. Bg5 Be7 5. Nf3 h6 6. Bh4 O-O
7. e3 b6 8. Be2 Bb7 9. Bxf6 Bxf6 10. cxd5 exd5 11. b4 c5 12. bxc5 bxc5 13. O-O
Nc6 14. Rb1 Rb8 15. Qd2 cxd4 16. exd4 Na5 17. Ne5 Nc4 18. Nxc4 dxc4 19. Bxc4
Bxd4 20. Rfd1 Bb6 21. Qxd8 Rfxd8 22. Na4 Bd4 23. h3 Rbc8 24. Bxf7+ Kxf7 25.
Rxb7+ Kf6 26. Rf1 Rc2 27. a3 Re8 28. Rb4 Rd2 29. Rc4 Re4 30. Nc5 Rf4 31. Nb3
Rdxf2 32. Rc6+ Kf7 33. Rxf2 Bxf2+ 34. Kh2 Ra4 35. Nc5 Bxc5 36. Rxc5 Rxa3 37.
Rc7+ Kg6 38. h4 h5 39. Rc6+ Kh7 40. Rc5 g6 41. Rc7+ Kh6 42. g3 Ra2+ 43. Kh3 a5
44. Ra7 a4 45. Ra8 Kg7 46. Ra7+ Kf6 47. Ra6+ Kf5 48. Ra5+ Ke4 49. Rg5 a3 50.
Rxg6 Rb2 51. Ra6 a2 52. Ra3 Kd4 53. g4 Rb3+ 54. Rxb3 a1=Q 55. gxh5 Qf1+ 56. Kg3
Qe1+ 57. Kg2 Qe2+ 58. Kg3 Qxh5 59. Rb4+ Kc5 60. Rg4 Qe5+ 61. Kf3 Qh2 62. Rg5+
Kd4 63. Kg4 Ke4 64. Kh5 Kf4 65. Rg4+ Kf5 66. Rg5+ Kf6 67. Rg6+ Kf7 68. Rg5 Qh3
69. Rg4 Qf3 70. Kg5 Qf6+ 71. Kh5 Qf5+ 72. Rg5 Qh7+ 73. Kg4 Kf6 74. Kg3 Qe4 75.
Kh3 Qf3+ 76. Kh2 Qe3 77. Kg2 Qf4 78. Kh3 Qf2 79. Rg3 Kf5 80. h5 Qf1+ 81. Kh2
Qe2+ 0-1

[Event "CRO U20 1 liga"]
[Site "Cakovec"]
[Date "2020.07.17"]
[Round "7.3"]
[White "Baric, Marko"]
[Black "Mandaric, Fran"]
[Result "1-0"]
[WhiteElo "1831"]
[BlackElo "1671"]
[PlyCount "91"]
[EventDate "2020.??.??"]
[WhiteClock "1:30:00"]
[BlackClock "1:30:00"]

{[%evp 0,91,20,20,86,86,100,40,79,63,78,6,111,29,0,0,10,9,33,-18,-20,2,10,-15,
5,-11,-5,-41,5,-38,-30,-28,-14,-22,13,30,43,47,15,-1,123,123,156,156,163,163,
186,186,221,220,308,314,344,348,374,312,312,230,234,208,220,227,217,221,217,
204,224,217,273,301,301,237,299,269,315,328,461,481,478,403,453,471,471,474,
517,537,621,647,647,648,642,581,590,663]} 1. e4 c5 2. Nf3 Nc6 3. Bb5 g6 4. O-O
Bg7 5. Re1 e5 6. c3 Nge7 7. d3 a6 8. Ba4 O-O 9. Nbd2 d6 10. Nf1 b5 11. Bc2 a5
12. a4 b4 13. Ng3 Rb8 14. Bb3 Bg4 15. Bc4 bxc3 16. bxc3 d5 17. exd5 Nxd5 18.
Ne4 Nxc3 19. Nxc3 e4 20. Nxe4 Bxa1 21. Bg5 Bxf3 22. gxf3 Qd4 23. Qxa1 Qxa1 24.
Rxa1 Kg7 25. Bf6+ Kh6 26. Nxc5 Rfe8 27. Ne4 Ne5 28. Bxe5 Rxe5 29. Bxf7 Rf5 30.
Bc4 Rxf3 31. Kg2 Rf4 32. Bb5 Rbf8 33. Rc1 g5 34. Rc6+ Kg7 35. h3 g4 36. h4 Kh8
37. Ra6 g3 38. fxg3 Rf1 39. h5 Kg7 40. h6+ Kh8 41. Rxa5 Rb1 42. Ra7 Rb2+ 43.
Kh3 Rb1 44. Ng5 Rh1+ 45. Kg2 Rxh6 46. Nf7+ 1-0

[Event "CRO U20 1 liga"]
[Site "Cakovec"]
[Date "2020.07.17"]
[Round "7.4"]
[White "Markovic, Marko"]
[Black "Cecic-Sule, Dino"]
[Result "0-1"]
[WhiteElo "1643"]
[BlackElo "1695"]
[PlyCount "54"]
[EventDate "2020.??.??"]
[WhiteClock "1:30:00"]
[BlackClock "1:30:00"]

{[%evp 0,54,20,37,44,-39,-16,-21,-15,-15,9,0,52,-35,23,17,117,8,25,18,22,-131,
-80,-101,-66,-85,-93,-93,-35,-77,-46,-122,-122,-122,-98,-112,-112,-98,-95,-110,
-110,-183,-186,-364,-435,-514,-542,-608,-601,-581,-585,-616,-628,-983,-987,
-1018,-994]} 1. d4 d5 2. c4 e6 3. Nc3 Nf6 4. Nf3 Be7 5. e3 b6 6. b3 Bb7 7. Bb2
c5 8. Bd3 dxc4 9. Bxc4 O-O 10. g4 cxd4 11. exd4 Bb4 12. a3 Bxc3+ 13. Bxc3 Nd5
14. Rc1 Nd7 15. g5 Nxc3 16. Rxc3 Bxf3 17. Rxf3 Qxg5 18. Rg3 Qh6 19. Rhg1 g6 20.
Qc2 Rac8 21. Qb1 b5 22. d5 exd5 23. Kf1 dxc4 24. Kg2 Nf6 25. Kh1 c3 26. Qd3 c2
27. Rh3 c1=Q 0-1

[Event "CRO U20 1 liga"]
[Site "Cakovec"]
[Date "2020.07.17"]
[Round "7.5"]
[White "Jambresic, Filip"]
[Black "Muha, Miljenko"]
[Result "1-0"]
[WhiteElo "2082"]
[BlackElo "2310"]
[PlyCount "169"]
[EventDate "2020.??.??"]
[WhiteClock "1:30:00"]
[BlackClock "1:30:00"]

{[%evp 0,169,13,-7,62,21,46,11,75,3,73,18,34,-26,20,19,53,10,37,35,62,32,52,45,
38,28,4,-36,-25,-25,22,22,23,-48,3,-69,-9,-18,-11,-11,15,10,4,-12,32,31,39,55,
42,35,60,-39,197,72,122,65,56,48,62,48,76,67,50,25,25,23,60,88,113,98,101,92,
87,121,121,121,137,137,158,161,165,88,114,112,139,88,118,160,119,139,127,74,64,
64,75,69,118,115,173,190,192,188,165,157,165,166,166,166,185,173,173,173,221,
242,242,247,254,211,218,200,216,218,230,200,207,205,216,200,216,201,224,215,
216,215,212,212,205,206,206,96,108,69,94,69,88,66,98,88,290,69,286,400,400,398,
423,423,421,445,521,708,520,805,811,886,1352,29988,29977,1439,1439,1439,1439,
1361]} 1. e4 e6 2. d4 d5 3. exd5 exd5 4. Nf3 Bd6 5. Bd3 Nc6 6. c3 Nge7 7. O-O
Bg4 8. Nbd2 Qd7 9. Re1 O-O-O 10. b4 Ng6 11. b5 Nce7 12. Qa4 Kb8 13. Ne5 Nxe5
14. dxe5 Bc5 15. Nb3 Bb6 16. Qb4 Bf5 17. Bf1 Rc8 18. Be3 Bxe3 19. Rxe3 Rce8 20.
Nc5 Qc8 21. a4 Ng6 22. Qd4 Re7 23. a5 Rhe8 24. Rae1 c6 25. a6 bxa6 26. bxa6 Qc7
27. Bd3 Bxd3 28. Nxd3 Qb6 29. Nc5 Ka8 30. g3 Nf8 31. Kg2 Ne6 32. Nxe6 Rxe6 33.
Qd3 g6 34. Rb1 Qc5 35. Rb7 Rxe5 36. Rxe5 Rxe5 37. Rxf7 Re8 38. Rxh7 Rf8 39. Qd4
Qb6 40. Rb7 Qxa6 41. Rc7 Rc8 42. Rd7 Qb6 43. Qxb6 axb6 44. Rg7 b5 45. Kf3 Rf8+
46. Ke3 Rf6 47. f4 c5 48. Rc7 d4+ 49. cxd4 c4 50. Kd2 Kb8 51. Rc5 Rb6 52. Kc3
b4+ 53. Kb2 c3+ 54. Kb3 Kb7 55. d5 Rd6 56. Kxb4 c2 57. Rxc2 Rxd5 58. Kb3 Kb6
59. Kb2 Rd1 60. Re2 Kc5 61. Kc2 Rh1 62. Kd3 Kd6 63. Ke4 Ke6 64. Kf3+ Kf6 65.
Kg4 Ra1 66. Rb2 Ra6 67. Rb5 Rc6 68. h4 Rc3 69. h5 gxh5+ 70. Rxh5 Kg6 71. Rb5
Rc6 72. Kh4 Rc4 73. Kg4 Rc6 74. Rb4 Ra6 75. f5+ Kf6 76. Kf4 Rc6 77. g4 Rc7 78.
g5+ Kf7 79. g6+ Kf6 80. Rb6+ Kg7 81. Kg5 Rc8 82. f6+ Kf8 83. g7+ Kf7 84. Rb7+
Ke6 85. Kg6 1-0

[Event "CRO U20 1 liga"]
[Site "Cakovec"]
[Date "2020.07.17"]
[Round "7.6"]
[White "Cvitan, Ena"]
[Black "Karlusic, Luka"]
[Result "1/2-1/2"]
[WhiteElo "2258"]
[BlackElo "2159"]
[PlyCount "82"]
[EventDate "2020.??.??"]
[WhiteClock "1:23:00"]
[BlackClock "1:30:00"]

{[%evp 0,82,13,21,41,-16,-15,-16,2,-39,-42,-42,-1,0,17,4,35,37,56,16,39,24,22,
18,53,16,73,4,30,24,66,10,-12,-33,-19,-26,22,30,64,-1,12,-19,4,11,51,44,74,62,
62,27,50,17,39,55,82,87,95,93,93,86,86,108,86,94,138,88,125,117,92,38,278,208,
224,53,84,66,97,32,32,-279,-247,-319,-318,-318,-87]} 1. d4 d5 2. c4 e6 3. Nc3
Nf6 4. cxd5 exd5 5. Bg5 Be7 6. e3 O-O 7. Bd3 c6 8. Nge2 Nbd7 9. f3 h6 10. Bh4
Re8 11. O-O Bd6 12. Bf2 a6 13. Rc1 c5 14. Bb1 cxd4 15. exd4 Nb6 16. Qd3 g6 17.
Qd2 Kh7 18. b3 Be6 19. Bh4 Kg7 20. h3 g5 21. Bg3 Bxg3 22. Nxg3 Qd6 23. f4 g4
24. h4 Rad8 25. Rcd1 Bc8 26. Rfe1 Re7 27. Re5 Rde8 28. Qd3 Kf8 29. Rde1 Be6 30.
Qd2 Kg7 31. Qe3 Nc8 32. Na4 b6 33. Qd3 Kf8 34. Qxa6 Ng8 35. Nc3 f6 36. Rf1 Qb4
37. Re3 Qxd4 38. Rfe1 Bd7 39. Qa3 Kf7 40. Nb5 Bxb5 41. Nf5 Qc5 1/2-1/2

[Event "CRO U20 1 liga"]
[Site "Cakovec"]
[Date "2020.07.17"]
[Round "7.7"]
[White "Cigrovski, Jakov"]
[Black "Ghersinich, Enrico"]
[Result "1-0"]
[WhiteElo "2010"]
[BlackElo "2299"]
[PlyCount "121"]
[EventDate "2020.??.??"]
[WhiteClock "1:30:00"]
[BlackClock "1:30:00"]

{[%evp 0,121,26,26,41,-5,40,-5,17,-30,18,23,48,26,30,9,43,-50,-17,-13,-22,-28,
-27,-23,-34,-57,3,-85,-111,-143,6,-127,-89,-89,-93,-122,-104,-151,-92,-109,-79,
-81,-6,-75,-24,-51,24,3,3,-29,-29,-29,54,102,179,148,136,136,164,157,226,189,
198,198,188,188,236,188,182,174,224,103,103,88,72,21,113,58,82,68,4,4,180,160,
226,164,180,180,284,281,434,439,507,516,516,537,539,549,550,607,607,551,565,
564,641,546,570,564,640,953,996,1290,1192,1538,1841,29984,29989,29992,1204,
29996,29997,29998,29999,-30000]} 1. Nf3 d5 2. g3 g6 3. Bg2 Bg7 4. c4 d4 5. d3
Nf6 6. O-O O-O 7. b4 a5 8. bxa5 Nc6 9. Nbd2 Rxa5 10. Nb3 Rh5 11. Bb2 e5 12. Re1
Bh3 13. Bh1 Ng4 14. Ba3 Bh6 15. Bc1 f5 16. Bxh6 Rxh6 17. Qc1 Rh5 18. c5 Qf6 19.
Rb1 Kh8 20. Nbd2 Re8 21. Qc2 e4 22. dxe4 fxe4 23. Nxe4 Qf5 24. Rxb7 Qxe4 25.
Qxe4 Rxe4 26. Ng5 Rxg5 27. Bxe4 Ne7 28. Rxc7 Re5 29. Bd3 Nf6 30. Rb1 Nfd5 31.
Rb8+ Kg7 32. Ra7 Kf6 33. Rf8+ Kg7 34. Rd8 Nb4 35. f4 Rxc5 36. Rxd4 Nbc6 37. Re4
Rc1+ 38. Kf2 Kf6 39. Rb7 Rf1+ 40. Ke3 Bg2 41. Ra4 h5 42. Rb1 Nd5+ 43. Kd2 Rf2
44. Ra6 Nc7 45. Ke3 Rf1 46. Rxc6+ Bxc6 47. Rxf1 Nd5+ 48. Kd2 Nb4 49. Rb1 Nxd3
50. exd3 Kf5 51. Ke3 Kg4 52. Rb2 Kh3 53. d4 Bg2 54. Rxg2 Kxg2 55. d5 Kxh2 56.
d6 Kxg3 57. d7 h4 58. d8=Q h3 59. Qg5+ Kh2 60. Kf2 Kh1 61. Qg1# 1-0

[Event "CRO U20 1 liga"]
[Site "Cakovec"]
[Date "2020.07.17"]
[Round "7.8"]
[White "Dabic, Stjepan"]
[Black "Novosel, Lovro"]
[Result "1-0"]
[WhiteElo "2120"]
[BlackElo "1699"]
[PlyCount "77"]
[EventDate "2020.??.??"]
[WhiteClock "1:28:00"]
[BlackClock "1:30:00"]

{[%evp 0,77,26,16,16,-16,60,19,46,-26,7,11,30,56,123,102,120,105,103,53,130,62,
86,85,102,63,86,48,48,73,95,95,125,92,126,115,144,121,130,166,212,220,230,228,
339,359,363,392,348,355,355,415,427,427,427,427,403,394,427,395,446,437,437,
443,443,443,451,440,536,576,602,616,667,665,1220,1159,1913,2108,2108,1835]} 1.
d4 Nf6 2. c4 c5 3. d5 b5 4. Qc2 d6 5. e4 g6 6. cxb5 a6 7. Nc3 Bg7 8. Nf3 O-O 9.
bxa6 Qb6 10. Be2 Nxa6 11. O-O Bg4 12. Bg5 Rfb8 13. Rfb1 h6 14. Be3 Bxf3 15.
Bxf3 Nd7 16. Be2 Kh7 17. Qc1 Rb7 18. b4 Qd8 19. b5 Nab8 20. a4 Qa5 21. Bd2 Qa7
22. a5 c4 23. Be3 Nc5 24. b6 Qa6 25. Bxc5 dxc5 26. Ra4 Rd7 27. Bxc4 Qc8 28. Bb5
Rd6 29. b7 Qxb7 30. Bc6 Qa6 31. Bxa8 Qxa8 32. Nb5 Rd7 33. Qxc5 Be5 34. a6 f5
35. a7 fxe4 36. Rxe4 Rxd5 37. axb8=Q Qa2 38. Qxe7+ Bg7 39. Rbe1 1-0

[Event "CRO U20 1 liga"]
[Site "Cakovec"]
[Date "2020.07.17"]
[Round "7.9"]
[White "Levacic, Matej"]
[Black "Alfirevic, Duje"]
[Result "1-0"]
[WhiteElo "2040"]
[BlackElo "1994"]
[PlyCount "75"]
[EventDate "2020.??.??"]
[WhiteClock "1:30:00"]
[BlackClock "1:30:00"]

{[%evp 0,75,26,16,28,-16,29,20,22,7,30,17,28,37,37,-39,-27,-26,-26,-8,-18,-18,
-14,-14,-7,6,29,43,43,43,76,76,60,49,56,57,116,96,129,106,183,125,188,183,245,
259,273,265,265,240,227,239,240,240,359,359,394,405,405,405,433,431,439,425,
444,355,348,372,374,336,375,410,732,738,738,738,1063,1077]} 1. d4 d5 2. c4 c6
3. Nf3 Nf6 4. e3 Bg4 5. Qb3 Qb6 6. Nc3 e6 7. Nh4 Nbd7 8. h3 Bh5 9. g4 Bg6 10.
Nxg6 hxg6 11. Bg2 Be7 12. g5 Qxb3 13. axb3 Nh5 14. h4 Nb6 15. c5 Nd7 16. b4 O-O
17. b5 Nb8 18. e4 dxe4 19. Bxe4 e5 20. d5 f5 21. gxf6 Nxf6 22. bxc6 bxc6 23. d6
Bd8 24. Bg2 e4 25. Be3 Nbd7 26. Nxe4 Rb8 27. Nxf6+ Bxf6 28. Bxc6 Ne5 29. Bd5+
Kh8 30. h5 g5 31. O-O Rb4 32. f3 g4 33. f4 Nd3 34. c6 Bxb2 35. Rad1 Nxf4 36.
Rxf4 Rbxf4 37. Bxf4 Rxf4 38. c7 1-0

[Event "CRO U20 1 liga"]
[Site "Cakovec"]
[Date "2020.07.17"]
[Round "7.10"]
[White "Dumancic, Simun"]
[Black "Ljubicic, Mario"]
[Result "1/2-1/2"]
[WhiteElo "1920"]
[BlackElo "1966"]
[PlyCount "145"]
[EventDate "2020.??.??"]
[WhiteClock "1:30:00"]
[BlackClock "1:30:00"]

{[%evp 0,145,26,24,24,11,61,15,15,-18,5,-49,38,42,95,93,95,79,79,10,42,40,107,
2,35,39,37,32,75,-13,84,15,25,37,37,24,24,11,27,15,15,15,15,9,17,17,17,10,10,0,
8,-11,50,41,52,47,56,28,56,56,187,-19,18,0,6,-16,11,5,5,0,38,6,0,0,7,-96,-41,
-41,-41,-41,45,48,77,49,12,-7,48,69,72,-163,0,0,0,0,0,0,0,0,0,0,0,0,126,0,30,
24,24,-72,-72,-58,-45,-151,-94,-133,-102,-72,0,0,0,0,0,0,0,0,0,0,0,0,0,-77,
-252,-278,-349,-349,-457,-457,-621,-621,-972,-1173,0,0,0,0,0,0,0,0]} 1. e4 e5
2. Nf3 Nc6 3. Bc4 Nf6 4. d4 exd4 5. O-O d6 6. Nxd4 Nxd4 7. Qxd4 Be6 8. Bxe6
fxe6 9. e5 dxe5 10. Qxe5 Qd5 11. Qe2 O-O-O 12. Nc3 Qf5 13. Be3 Bd6 14. h3 g5
15. Nb5 a6 16. Nxd6+ Rxd6 17. Rad1 Rhd8 18. Rxd6 Rxd6 19. Rd1 Nd5 20. Qh5 Nf6
21. Qe2 Rxd1+ 22. Qxd1 g4 23. hxg4 Nxg4 24. Qd4 e5 25. Qd5 Nf6 26. Qf7 b6 27.
a4 a5 28. Qc4 Kb7 29. Qf7 h5 30. Qc4 e4 31. c3 Ng4 32. Qd4 h4 33. b4 axb4 34.
cxb4 h3 35. gxh3 Ne5 36. Qd5+ Ka7 37. Qd8 Nf3+ 38. Kf1 Qe5 39. Qd1 Qc3 40. a5
Qc4+ 41. Kg2 Qg8+ 42. Kf1 Qg7 43. axb6+ cxb6 44. b5 Nh2+ 45. Ke2 Qb2+ 46. Qd2
Qxb5+ 47. Kd1 Qa4+ 48. Qc2 Qa1+ 49. Qc1 Qa4+ 50. Qc2 Qd7+ 51. Qd2 Qe6 52. Qa5+
Kb7 53. Qxb6+ Qxb6 54. Bxb6 Kxb6 55. Ke2 Kc5 56. h4 Kd4 57. h5 Nf3 58. h6 Ng5
59. Kd2 Nh7 60. Ke2 Nf6 61. Kd2 Nh7 62. Ke2 Nf6 63. Kd2 Ke5 64. Ke3 Nd5+ 65.
Kd2 Kf6 66. Kc2 Kg6 67. Kb3 Kxh6 68. Kc4 Nf6 69. Kd4 Kg5 70. Ke5 Kg6 71. Kf4
Kh5 72. f3 exf3 73. Kxf3 1/2-1/2

[Event "CRO U20 1 liga"]
[Site "Cakovec"]
[Date "2020.07.17"]
[Round "7.11"]
[White "Mijic, Karlo"]
[Black "Sagovac, Kristijan"]
[Result "0-1"]
[WhiteElo "1729"]
[BlackElo "1835"]
[PlyCount "68"]
[EventDate "2020.??.??"]
[WhiteClock "1:30:00"]
[BlackClock "1:30:00"]

{[%evp 0,68,26,6,86,77,83,17,73,64,49,34,32,28,48,-35,-1,4,4,-10,-9,-9,-2,-44,
35,14,25,2,-23,-63,-29,-40,-17,-41,-33,-59,-50,-124,-23,-94,-52,-103,-62,-62,
-56,-276,-181,-154,-141,-347,-42,-38,-9,-77,96,-80,-79,-65,24,-135,20,-599,
-599,-599,-29990,-29991,-29992,-29993,-29994,-29995,-29996]} 1. e4 c5 2. Nf3
Nc6 3. d4 cxd4 4. Nxd4 Nf6 5. Nc3 e5 6. Ndb5 d6 7. Bg5 a6 8. Na3 b5 9. Nd5 Be7
10. Bxf6 Bxf6 11. c4 b4 12. Nc2 a5 13. Nce3 O-O 14. h4 Bb7 15. g3 Nd4 16. Bh3
g6 17. Kf1 Bg7 18. Kg2 Ra7 19. Qd3 Bc6 20. Rad1 f5 21. exf5 Raf7 22. f6 Qxf6
23. Rhf1 Qd8 24. Nc2 Nf5 25. Kg1 Kh8 26. Nde3 Bf3 27. Rd2 e4 28. Qd5 Be5 29.
Bg2 Nxh4 30. gxh4 Qxh4 31. Re1 Bh2+ 32. Kh1 Bg3+ 33. Kg1 Qh2+ 34. Kf1 Bxg2+ 0-1

[Event "CRO U20 1 liga"]
[Site "Cakovec"]
[Date "2020.07.17"]
[Round "7.13"]
[White "Tomulic, Teo"]
[Black "Sos, Fran"]
[Result "1-0"]
[WhiteElo "2359"]
[BlackElo "2024"]
[PlyCount "29"]
[EventDate "2020.??.??"]
[WhiteClock "1:30:00"]
[BlackClock "1:30:00"]

{[%evp 0,29,28,11,97,61,102,84,78,78,75,78,78,50,102,94,126,126,123,123,123,56,
72,72,104,102,422,412,412,417,417,417]} 1. e4 c5 2. Nf3 d6 3. Bc4 Nf6 4. Nc3
Nc6 5. d4 cxd4 6. Nxd4 g6 7. Nxc6 bxc6 8. e5 d5 9. exf6 dxc4 10. Qf3 exf6 11.
O-O Bg7 12. Qxc6+ Bd7 13. Re1+ Kf8 14. Qd6+ Kg8 15. Rd1 1-0

[Event "CRO U20 1 liga"]
[Site "Cakovec"]
[Date "2020.07.17"]
[Round "7.14"]
[White "Kanizaj, Benjamin"]
[Black "Radenic, Filip"]
[Result "1-0"]
[WhiteElo "1983"]
[BlackElo "2134"]
[PlyCount "81"]
[EventDate "2020.??.??"]
[WhiteClock "1:30:00"]
[BlackClock "1:30:00"]

{[%evp 0,81,28,11,41,25,53,31,93,24,41,49,31,20,27,49,48,59,56,39,54,17,5,2,24,
-26,15,-7,13,21,10,15,47,8,39,49,35,36,31,33,65,31,23,-13,-4,-4,0,0,-1,-7,-2,2,
1,0,8,88,88,95,95,95,102,102,109,116,119,121,125,113,119,96,90,93,96,79,90,96,
110,184,184,184,265,217,310,214]} 1. e4 e6 2. d4 d5 3. Nd2 c5 4. exd5 Qxd5 5.
Ngf3 cxd4 6. Bc4 Qd6 7. O-O Nf6 8. Nb3 Nc6 9. Nbxd4 Nxd4 10. Nxd4 Bd7 11. Re1
Qc7 12. Bf1 Bd6 13. g3 O-O 14. Bg5 Be5 15. c3 Nd5 16. Bg2 Bf6 17. Bxf6 Nxf6 18.
Qe2 Rfd8 19. Rad1 Be8 20. c4 Qb6 21. Nb5 Bxb5 22. cxb5 h6 23. a4 Rac8 24. Rxd8+
Rxd8 25. Rd1 Nd5 26. Bxd5 exd5 27. Rxd5 Rxd5 28. Qe8+ Kh7 29. Qe4+ Kg8 30. Qxd5
Qc7 31. b3 Qe7 32. Kg2 Qc7 33. Qc4 Qd7 34. a5 Qd8 35. a6 bxa6 36. bxa6 Qa8+ 37.
Kg1 Qf3 38. Qc8+ Kh7 39. Qb7 Qe2 40. b4 h5 41. h4 1-0